Formel 1 Fahrer zu Helme - Special Edition #2 - Statistiken

Allgemein
  • Dieses Quiz wurde 32 mal gespielt
  • Das Durchschnittsergebnis liegt bei 5 aus 8
Antwortstatistiken
Bildquiz Antwort % Korrekt
Carlos Sainz
93%
Oscar Piastri
79%
Sebastian Vettel
79%
Fernando Alonso
75%
Mick Schumacher
57%
Valtteri Bottas
39%
Nikita Masepin
32%
Jenson Button
18%
Keine übereinstimmenden Quizze gefunden
Verteilung der Resultate
Anzahl Personen mit jedem Resultat
Perzentil nach korrekt beantworteten Fragen
Ihre Resultats-Entwicklung
Sie haben dieses Quiz noch nicht gespielt